000 00728 a2200205 4500
001 130969
020 _a85-359-0092-6
040 _cLeonardo Da Vinci
041 _aPortuguês
082 _a930 S524c
_bS524c
100 _aSEVCENKO, Nicolau
245 _aA corrida para o século XXI
_bno loop da montanha-russa
260 _bCia. das Letras
_c2001
_aSão Paulo
300 _a140
362 _a20010000
490 _aVirando Séculos; 7
500 _aLaura de Mello e Souza (Coordenação)
697 _aHistória
_aBrasil
_aCivilização moderna
_aSociedade
_aSéculo XX
_aSéculo XXI
_aGlobalização
_aCivilização contemporânea
_aMudanças tecnológicas
_aMudanças econômicas
_aMeio-ambiente
_aEnsino Médio
942 _cBK
999 _c130969
_d130969